[Event "Skopje op-B"]
[Site "Skopje"]
[Date "2023.12.07"]
[Round "2"]
[White "Kostadinovski, Zoran"]
[Black "Hristovski, Trajche"]
[Result "1-0"]
[WhiteElo "1893"]
[BlackElo "1535"]
[PlyCount "27"]
[EventDate "2023.12.06"]
[EventType "swiss"]
[EventRounds "9"]
[EventCountry "MKD"]
[SourceTitle "CB51_2023"]
[SourceDate "2023.12.20"]
[SourceVersion "1"]
[SourceVersionDate "2023.12.20"]
[SourceQuality "1"]

1. d4 Nf6 2. c4 e6 3. Nc3 Bb4 4. Qc2 d5 5. Nf3 Ne4 6. Ne5 0-0 7. e3 c5 8. Bd3 Nc6 9. Nxc6 bxc6 10. 0-0 a5 11. Re1 a4 12. f3 Nf6 13. a3 Bxc3 14. bxc3 1-0

[Event "WchT Seniors 50"]
[Site "Struga"]
[Date "2023.09.26"]
[Round "7.2"]
[White "Kostadinovski, Zoran"]
[Black "Adams, Mark"]
[Result "0-1"]
[WhiteElo "1922"]
[BlackElo "1898"]
[PlyCount "125"]
[EventDate "2023.09.19"]
[EventType "team-swiss"]
[EventRounds "9"]
[EventCountry "MKD"]
[SourceTitle "EXT 2024"]
[Source "ChessBase"]
[SourceDate "2023.10.10"]
[SourceVersion "1"]
[SourceVersionDate "2023.10.10"]
[SourceQuality "1"]
[WhiteTeam "Macedonia Blind 50"]
[BlackTeam "Wales Silures 50"]
[WhiteTeamCountry "MKD"]
[BlackTeamCountry "WLS"]

1. d4 Nf6 2. Bf4 c5 3. d5 d6 4. c4 e5 5. Bc1 Be7 6. Nc3 Na6 7. e4 Nc7 8. a4 0-0 9. h3 Bd7 10. Nf3 Nfe8 11. Bd3 Qc8 12. Qc2 Na6 13. Qe2 Nb4 14. Bb1 f5 15. Ra3 Nf6 16. Nd2 f4 17. Nf3 Qe8 18. Bc2 Nxc2+ 19. Qxc2 Qg6 20. Rh2 h6 21. Qd3 Qh7 22. Bd2 Bd8 23. a5 g5 24. Kd1 Be8 25. Be1 Rb8 26. Nd2 a6 27. f3 Qd7 28. Kc2 Rf7 29. Bf2 Qc8 30. Rh1 b5 31. axb6 Rxb6 32. Rb1 Rfb7 33. b3 Rb8 34. Na2 h5 35. Nc1 Qb7 36. Rba1 Bd7 37. Be1 Bc8 38. Nb1 Qd7 39. Bc3 Ra8 40. Nd2 Rbb8 41. Ba5 Bxa5 42. Rxa5 Ra7 43. Qc3 Qg7 44. Nd3 Qb7 45. Nxe5 dxe5 46. Qxe5 Qb6 47. Qxg5+ Rg7 48. Qxf4 Rxg2 49. R1a3 Nd7 50. h4 Qg6 51. Ra1 Rb6 52. Rf1 Rf6 53. Qe3 Qg3 54. Kc1 Rg6 55. Ra2 Qh3 56. Re1 Ne5 57. Rc2 Qxh4 58. Rf1 Qh3 59. Re1 h4 60. Rc3 Qg3 61. Nf1 Qf2 62. Qxf2 Rxf2 63. Rc2 0-1

[Event "FRM-ch op"]
[Site "Skopje"]
[Date "2023.05.10"]
[Round "8"]
[White "Kuzmanoski, Oliver"]
[Black "Kostadinovski, Zoran"]
[Result "0-1"]
[WhiteElo "1537"]
[BlackElo "1907"]
[PlyCount "90"]
[EventDate "2023.05.04"]
[EventType "swiss"]
[EventRounds "9"]
[EventCountry "MKD"]
[SourceTitle "CBM 214 Extra"]
[Source "ChessBase"]
[SourceDate "2023.07.31"]
[SourceVersion "1"]
[SourceVersionDate "2023.07.31"]
[SourceQuality "1"]

1. e4 c5 2. Ne2 e6 3. c3 d5 4. e5 d4 5. cxd4 cxd4 6. g3 Qd5 7. f3 Qxe5 8. d3 Nc6 9. a3 Qa5+ 10. Kf2 e5 11. Bg2 Be6 12. f4 f6 13. Re1 0-0-0 14. Bxc6 bxc6 15. fxe5 fxe5 16. Bg5 Be7 17. Bxe7 Nxe7 18. Qc2 Qd5 19. Nd2 h5 20. Rg1 Rhf8+ 21. Ke1 Rd7 22. Rc1 Rc7 23. Qc5 Qxc5 24. Rxc5 Bd5 25. Rf1 Rxf1+ 26. Kxf1 Ng6 27. h4 Rf7+ 28. Ke1 Kd7 29. b4 Ke6 30. Nc4 Rb7 31. Na5 Rb6 32. Kf2 Ne7 33. Rc1 Rb8 34. Nc4 Rf8+ 35. Ke1 Rf3 36. Kd2 Nf5 37. Rg1 Bxc4 38. dxc4 Rxa3 39. Rb1 Ne3 40. Rc1 Kf5 41. Ke1 d3 42. Nc3 e4 43. b5 Nxc4 44. Nxe4 Kxe4 45. Rxc4+ Ke3 0-1

[Event "IBCA EU-chT blind 03rd"]
[Site "Genova"]
[Date "2023.04.24"]
[Round "5.2"]
[White "Kostadinovski, Zoran"]
[Black "Culjak, Miso"]
[Result "1-0"]
[WhiteElo "1907"]
[BlackElo "1705"]
[PlyCount "23"]
[EventDate "2023.04.20"]
[EventType "team-swiss"]
[EventRounds "9"]
[EventCountry "ITA"]
[SourceTitle "CBM 213 Extra"]
[Source "ChessBase"]
[SourceDate "2023.05.31"]
[SourceVersion "1"]
[SourceVersionDate "2023.05.31"]
[SourceQuality "1"]
[WhiteTeam "Macedonia"]
[BlackTeam "Croatia"]
[WhiteTeamCountry "MKD"]
[BlackTeamCountry "CRO"]

1. d4 e6 2. c4 d5 3. Nc3 Nf6 4. Bf4 Bd6 5. Bg3 c6 6. e3 Bb4 7. Bd3 dxc4 8. Bxc4 Ne4 9. Qc2 0-0 10. Qxe4 Nd7 11. Qc2 Nf6 12. 0-0-0 1-0

[Event "Skopje op"]
[Site "Skopje"]
[Date "2022.10.23"]
[Round "4"]
[White "Arnaudov, Petar G"]
[Black "Kostadinovski, Zoran"]
[Result "1-0"]
[WhiteElo "2472"]
[BlackElo "1926"]
[PlyCount "83"]
[EventDate "2022.10.21"]
[EventType "swiss"]
[EventRounds "9"]
[EventCountry "MKD"]
[SourceTitle "EXT 2024"]
[Source "ChessBase"]
[SourceDate "2023.10.10"]
[SourceVersion "1"]
[SourceVersionDate "2023.10.10"]
[SourceQuality "1"]

1. d4 Nf6 2. Nf3 d6 3. c4 c6 4. Nc3 Qc7 5. Bg5 Nbd7 6. Qc2 a6 7. e3 e5 8. 0-0-0 h6 9. Bh4 Be7 10. c5 exd4 11. cxd6 Bxd6 12. Nxd4 Nc5 13. Nf5 Bxf5 14. Qxf5 Ncd7 15. Ne4 Be7 16. Bg3 Qb6 17. Nd6+ Bxd6 18. Bxd6 g6 19. Qf3 Qa5 20. Bc4 Qh5 21. Qxh5 gxh5 22. f3 Rg8 23. g3 Rg5 24. e4 b5 25. Bb3 Nc5 26. Bc2 Nfd7 27. Bf4 Rg6 28. e5 Rg8 29. Bxh6 0-0-0 30. Be3 Kc7 31. f4 a5 32. Bf5 Ne6 33. Bxe6 fxe6 34. Rd6 Rge8 35. Rhd1 Re7 36. f5 Rde8 37. Bg5 Rh7 38. Rxe6 Rg8 39. Re7 Rxe7 40. Bxe7 Kc8 41. e6 Ne5 42. f6 1-0

[Event "IBCA World-chT blind 9th"]
[Site "Ohrid"]
[Date "2022.07.06"]
[Round "8.8"]
[White "Kostadinovski, Zoran"]
[Black "Berisha, Xhafer"]
[Result "1-0"]
[WhiteElo "1913"]
[BlackElo "1440"]
[PlyCount "37"]
[EventDate "2022.06.28"]
[EventType "team-swiss"]
[EventRounds "9"]
[EventCountry "MKD"]
[SourceTitle "EXT 2024"]
[Source "ChessBase"]
[SourceDate "2023.10.10"]
[SourceVersion "1"]
[SourceVersionDate "2023.10.10"]
[SourceQuality "1"]
[WhiteTeam "Macedonia"]
[BlackTeam "Kosovo"]
[WhiteTeamCountry "MKD"]
[BlackTeamCountry "KOS"]

1. d4 d5 2. c4 c6 3. Nc3 e6 4. a4 Nf6 5. e3 Bb4 6. Bd3 Qa5 7. Bd2 0-0 8. Nge2 dxc4 9. Bxc4 Bd6 10. e4 e5 11. d5 Qb6 12. 0-0 Bg4 13. h3 Bh5 14. a5 Qc7 15. g4 Nxg4 16. Ng3 Qd7 17. Nxh5 Nh6 18. Kg2 f5 19. dxc6+ 1-0

[Event "FRM-ch op"]
[Site "Struga"]
[Date "2021.07.29"]
[Round "7"]
[White "Kostadinovski, Zoran"]
[Black "Jordanov, Mihail"]
[Result "0-1"]
[WhiteElo "1893"]
[BlackElo "2082"]
[PlyCount "64"]
[EventDate "2021.07.24"]
[EventType "swiss"]
[EventRounds "9"]
[EventCountry "MKD"]
[SourceTitle "CBM 203 Extra"]
[Source "ChessBase"]
[SourceDate "2021.09.30"]
[SourceVersion "1"]
[SourceVersionDate "2021.09.30"]
[SourceQuality "1"]

1. d4 Nf6 2. c4 e6 3. Nc3 Bb4 4. Bf4 b6 5. Nf3 Bb7 6. e3 0-0 7. Bd3 c5 8. a3 Bxc3+ 9. bxc3 Ne4 10. Qc2 f5 11. h4 d6 12. 0-0-0 Qe7 13. Ng5 cxd4 14. Bxe4 fxe4 15. cxd4 d5 16. Kb2 Rc8 17. Rc1 h6 18. Nh3 dxc4 19. Qc3 a5 20. Bxb8 Raxb8 21. Nf4 Bd5 22. Ra1 Qd8 23. a4 b5 24. axb5 Rxb5+ 25. Kc2 Rcb8 26. Rhb1 Qxh4 27. g3 Qd8 28. Rxb5 Rxb5 29. Ra2 Qb6 30. Ne2 Rb3 31. Qxa5 Rb2+ 32. Kc1 Qxa5 0-1

[Event "FRM-chT2 GpA"]
[Site "Ohrid"]
[Date "2021.07.04"]
[Round "3.3"]
[White "Kostadinovski, Zoran"]
[Black "Mahmuti, Ajet"]
[Result "1/2-1/2"]
[WhiteElo "1893"]
[BlackElo "1977"]
[PlyCount "32"]
[EventDate "2021.07.03"]
[EventType "team-tourn"]
[EventRounds "5"]
[EventCountry "MKD"]
[SourceTitle "EXT 2022"]
[Source "ChessBase"]
[SourceDate "2021.10.06"]
[SourceVersion "1"]
[SourceVersionDate "2021.10.06"]
[SourceQuality "1"]
[WhiteTeam "Bitola Noemvri"]
[BlackTeam "Tetovo Shkendija"]
[WhiteTeamCountry "MKD"]
[BlackTeamCountry "MKD"]

1. d4 d5 2. c4 e6 3. Nc3 Nf6 4. cxd5 exd5 5. Bf4 c6 6. e3 Bf5 7. Bd3 Bxd3 8. Qxd3 Bd6 9. Bg3 Bxg3 10. hxg3 g6 11. Nf3 Nbd7 12. 0-0-0 Ng4 13. Rd2 0-0 14. e4 dxe4 15. Nxe4 h5 16. Neg5 Kg7 1/2-1/2

[Event "FRM-chT qual Gr-A"]
[Site "Ohrid"]
[Date "2020.08.22"]
[Round "3.3"]
[White "Zlatkov, Anton"]
[Black "Kostadinovski, Zoran"]
[Result "0-1"]
[WhiteElo "2014"]
[BlackElo "1847"]
[PlyCount "108"]
[EventDate "2020.08.21"]
[EventType "team-tourn"]
[EventRounds "5"]
[EventCountry "MKD"]
[SourceTitle "CBM 198 Extra"]
[Source "ChessBase"]
[SourceDate "2020.11.30"]
[SourceVersion "1"]
[SourceVersionDate "2020.11.30"]
[SourceQuality "1"]
[WhiteTeam "Skopje MSK Centar"]
[BlackTeam "Bitola Noemvri"]
[WhiteTeamCountry "MKD"]
[BlackTeamCountry "MKD"]

1. e4 c5 2. c3 d6 3. d4 cxd4 4. cxd4 Nf6 5. Nc3 g6 6. Nf3 Bg7 7. h3 0-0 8. Bg5 h6 9. Be3 Nc6 10. Qd2 Kh7 11. Be2 a6 12. 0-0 b5 13. Bd3 e5 14. d5 Ne7 15. a4 b4 16. Na2 a5 17. Qe2 Bd7 18. Nc1 Qe8 19. Nd2 Nc8 20. Nc4 Nh5 21. Nb3 Qd8 22. Kh2 Nf4 23. Bxf4 exf4 24. Qf3 Be5 25. Nxe5 dxe5 26. g3 Qf6 27. Rfe1 fxg3+ 28. Qxg3 g5 29. Nc5 Nb6 30. b3 Qf4 31. Qxf4 gxf4 32. Rac1 Bc8 33. f3 f6 34. Red1 Ra7 35. Bb5 Rd8 36. d6 Rg7 37. d7 Bxd7 38. Ne6 Bxe6 39. Rxd8 Bxb3 40. Rb8 Nxa4 41. Bxa4 Bxa4 42. Ra8 Bb5 43. Rxa5 Be2 44. Rac5 Bxf3 45. Rc7 Bxe4 46. Rxg7+ Kxg7 47. Rc4 Bd3 48. Rxb4 Kg6 49. Kg2 e4 50. Kf2 Kg5 51. Rb8 Kf5 52. Re8 e3+ 53. Kf3 Bc2 54. Rd8 Be4+ 0-1

[Event "FRM-chT qual Gr-A"]
[Site "Ohrid"]
[Date "2020.08.21"]
[Round "1.3"]
[White "Gecovski, Goce"]
[Black "Kostadinovski, Zoran"]
[Result "1-0"]
[WhiteElo "2169"]
[BlackElo "1847"]
[PlyCount "57"]
[EventDate "2020.08.21"]
[EventType "team-tourn"]
[EventRounds "5"]
[EventCountry "MKD"]
[SourceTitle "CBM 198 Extra"]
[Source "ChessBase"]
[SourceDate "2020.11.30"]
[SourceVersion "1"]
[SourceVersionDate "2020.11.30"]
[SourceQuality "1"]
[WhiteTeam "Bitola Stevo Patako"]
[BlackTeam "Bitola Noemvri"]
[WhiteTeamCountry "MKD"]
[BlackTeamCountry "MKD"]

1. Nf3 Nf6 2. c4 c5 3. Nc3 d6 4. g3 e5 5. Bg2 Nc6 6. 0-0 Be7 7. a3 0-0 8. Rb1 a5 9. d3 Bd7 10. Bg5 Rc8 11. Nd2 h6 12. Bxf6 Bxf6 13. Nd5 Be6 14. Ne4 Be7 15. Nec3 Re8 16. e3 Bf8 17. f4 f6 18. f5 Bf7 19. Be4 Rb8 20. Qf3 Na7 21. a4 Nc6 22. g4 Nb4 23. h4 Be7 24. Rf2 Kf8 25. g5 hxg5 26. hxg5 Bg8 27. Qh5 b6 28. Qh8 fxg5 29. f6 1-0

[Event "Skopje op"]
[Site "Skopje"]
[Date "2019.12.10"]
[Round "7"]
[White "Stojchevski, Martin"]
[Black "Kostadinovski, Zoran"]
[Result "1-0"]
[WhiteElo "1323"]
[BlackElo "1860"]
[PlyCount "65"]
[EventDate "2019.12.06"]
[EventType "swiss"]
[EventRounds "9"]
[EventCountry "MKD"]
[SourceTitle "CBM 193 Extra"]
[Source "ChessBase"]
[SourceDate "2020.01.31"]
[SourceVersion "1"]
[SourceVersionDate "2020.01.31"]
[SourceQuality "1"]

1. e4 c5 2. Nf3 e6 3. d4 cxd4 4. Nxd4 a6 5. Nc3 Qc7 6. Be3 Bb4 7. Qd3 Nf6 8. f3 d5 9. Bd2 0-0 10. a3 Bxc3 11. Bxc3 dxe4 12. fxe4 Qe5 13. 0-0-0 Qxe4 14. Qg3 Qg4 15. Qe5 Nbd7 16. Qe1 b5 17. Bd3 Bb7 18. Kb1 Rac8 19. Nf3 Qxg2 20. Rg1 Qxf3 21. Be2 Qf5 22. Rxd7 Be4 23. Bd1 Ne8 24. Bb4 Bxc2+ 25. Ka1 Bd3 26. Bb3 e5 27. Ra7 Nf6 28. Bxf8 Rxf8 29. Qe3 e4 30. Qd4 Nh5 31. Rxf7 Qxf7 32. Bxf7+ Rxf7 33. Qd8+ 1-0

[Event "Skopje op"]
[Site "Skopje"]
[Date "2019.12.09"]
[Round "5"]
[White "Kostadinovski, Zoran"]
[Black "Veljanoski, Andrej"]
[Result "0-1"]
[WhiteElo "1860"]
[BlackElo "2029"]
[PlyCount "28"]
[EventDate "2019.12.06"]
[EventType "swiss"]
[EventRounds "9"]
[EventCountry "MKD"]
[SourceTitle "CBM 193 Extra"]
[Source "ChessBase"]
[SourceDate "2020.01.31"]
[SourceVersion "1"]
[SourceVersionDate "2020.01.31"]
[SourceQuality "1"]

1. e4 e5 2. Nf3 Nc6 3. d4 exd4 4. Nxd4 Nf6 5. Nxc6 bxc6 6. Bd3 d5 7. exd5 cxd5 8. 0-0 Be7 9. h3 0-0 10. c3 Ne4 11. Qe2 f5 12. Qf3 Nc5 13. b4 Nxd3 14. Qxd3 f4 0-1